| 000 | 00886cam a2200277 i 4500 | ||
|---|---|---|---|
| 999 |
_c200448953 _d67165 |
||
| 001 | 200448953 | ||
| 003 | TR-AnTOB | ||
| 005 | 20241129155057.0 | ||
| 007 | ta | ||
| 008 | 220603s a|| j || 000 0 tur d | ||
| 020 | _a9786250006481 | ||
| 040 |
_aTR-AnTOB _beng _erda _cTR-AnTOB |
||
| 041 | 0 | _atur | |
| 050 | 1 | 0 |
_aPL248.Ü454 _bK43 |
| 090 |
_aJUN PL 248.Ü454 _bK43 |
||
| 100 | 1 |
_aÜlker, Huri Aykut _eauthor _9137266 |
|
| 245 | 1 | 0 |
_aKedili atölye: _bseramik çamuru mucizesi / _cHuri Aykut Ülker ; illüstratör: Sibel Ceylan Subay. |
| 264 | 1 |
_aBursa : _bDurma Sanat, _c[date of publication not identified] |
|
| 300 |
_a24 pages : _billustrator ; _c21 cm |
||
| 336 |
_2rdacontent _atext _btxt |
||
| 337 |
_2rdamedia _aunmediated _bn |
||
| 338 |
_2rdacarrier _avolume _bnc |
||
| 700 | 1 |
_aSubay, Sibel Ceylan _eillustrator _9137267 |
|
| 942 |
_2lcc _cBK |
||